000 00471ntaaa2200169 4500
003 01
005 20251027201208.0
008 0714s1973 ag 01
040 _aAR-BaBN
_bspa
_cAR-BaBN
_eaacr
_dRIC
082 _a220.59166 B47
100 _aBiblia. Galés. 1947
_99874
245 _aY Beibl Cyssegr-lan /
_cBiblia. Galés. 1947
250 _a1 ed.
260 _aLondon :
_bFeibl Gymdeithas Frytanaidd a Thramor,
_c1947
300 _a1208 p. ;
_cmapas ; 22 cm
942 _cBK
999 _c6242
_d6242